[Event "XXVI Andorra Open"]
[Site "La Massana AND"]
[Date "2008.07.26"]
[Round "8"]
[White "Bjerke,S"]
[Black "Vehi Bach,V"]
[Result "1/2-1/2"]
[WhiteElo "2176"]
[BlackElo "2411"]

1.e4 c5 2.Nf3 e6 3.d4 cxd4 4.Nxd4 Nc6 5.Nc3 Qc7 6.Be3 a6 7.Be2 Nf6 8.O-O Be7
9.f4 d6 10.Kh1 O-O 11.a4 Re8 12.Bf3 Bf8 13.g4 Rb8 14.g5 Nd7 15.Bg2 Nxd4 16.Bxd4 b6
17.Rf3 Bb7 18.Rh3 g6 19.Qe1 e5 20.Be3 exf4 21.Bxf4 Ne5 22.Qh4 h5 23.gxh6 Kh7
24.Rf1 Be7 25.Qf2 Rf8 26.Nd1 Qd7 27.Qd4 Bc6 28.Bxe5 dxe5 29.Qxe5 f6 30.Qf4 Bxa4
31.Rd3 Qe6 32.Ne3 Bc6 33.Nd5 Bxd5 34.Rxd5  1/2-1/2

[Event "III Open"]
[Site "Oviedo ESP"]
[Date "2008.07.26"]
[Round "4"]
[White "Arruebarrena,R"]
[Black "Filip,L"]
[Result "0-1"]
[WhiteElo "2266"]
[BlackElo "2461"]

1.e4 c5 2.Nf3 e6 3.d4 cxd4 4.Nxd4 Nc6 5.Nc3 Qc7 6.Be3 a6 7.Qd2 Nf6 8.O-O-O Bb4
9.f3 Ne5 10.Nb3 b5 11.Qe1 Be7 12.f4 Ng6 13.e5 Ng4 14.Ne4 O-O 15.Bc5 Bb7 16.h3 Nh6
17.Nd6 Bd5 18.Rxd5 exd5 19.Qd2 Nf5 20.Nxf5 Bxc5 21.Qxd5 Rac8 22.Nxc5 Qxc5
23.Qxc5 Rxc5 24.b4 Rc7 25.g3 f6 26.exf6 Rxf6 27.Bd3 Re6 28.Kd2 Ne7 29.Nxe7+ Rxe7
30.a4 d5 31.axb5 axb5 32.Bxb5 Rb7 33.Bc6 Rxb4 34.Bxd5+ Kf8 35.c4 Rb3 36.g4 Ree3
37.g5 Rbd3+ 38.Kc2 Ra3 39.Kd2 Rg3 40.Rc1 Rxh3 41.Rc2 Rh2+ 42.Kc1 Ra1+ 43.Kb2 Ra2+
44.Kxa2 Rxc2+ 45.Kb3 Rf2 46.Kb4 Rxf4 47.Kc5 Ke7 48.Bg8 h5 49.gxh6 gxh6 50.Kd5 h5
51.Ke5 Rf1 52.c5 Rc1 53.Kf4 Rxc5 54.Kg3 Rg5+  0-1

[Event "19th Czech Chladek & Tintera A Open"]
[Site "Pardubice CZE"]
[Date "2008.07.26"]
[Round "9"]
[White "Klovans,J"]
[Black "Rehorek,M"]
[Result "0-1"]
[WhiteElo "2428"]
[BlackElo "2324"]

1.e4 c5 2.Nf3 e6 3.d4 cxd4 4.Nxd4 Nc6 5.Nc3 Qc7 6.Be3 a6 7.Be2 Nf6 8.O-O Be7
9.f4 d6 10.Kh1 O-O 11.Qe1 Nxd4 12.Bxd4 b5 13.e5 dxe5 14.Bxe5 Qa7 15.Qg3 g6
16.Rad1 Re8 17.Bf3 Bb7 18.Bxf6 Bxf6 19.Rd7 Rab8 20.f5 exf5 21.Nd5 Be5 22.Qh4 Kg7
23.Ne7 Qb6 24.Nxf5+ gxf5 25.Rxf7+ Kxf7 26.Qxh7+ Ke6 27.Qg6+ Bf6 28.Bxb7 Kd7
29.Qxf5+ Kc7 30.Bf3 Rbd8 31.c3 Re5 32.Qf4 Re8 33.g3 Qd6 34.Kg2 Re1 35.Rxe1 Rxe1
36.Qh6 Rg1+ 37.Kh3 Qd7+ 38.Bg4 Qg7 39.Qf4+ Be5 40.Qf5 Qh8+ 41.Bh5 Qc8  0-1

[Event "19th Czech Jihlavanka B Open"]
[Site "Pardubice CZE"]
[Date "2008.07.26"]
[Round "9"]
[White "Van Assendelft,F"]
[Black "Tolstikh,N"]
[Result "0-1"]
[WhiteElo "2227"]
[BlackElo "2381"]

1.e4 c5 2.Nf3 Nc6 3.Nc3 e6 4.d4 cxd4 5.Nxd4 Nf6 6.Nxc6 bxc6 7.e5 Nd5 8.Ne4 Qc7
9.f4 Qa5+ 10.Bd2 Qb6 11.Qc1 Rb8 12.c4 Qd4 13.Nf2 Rxb2 14.Nd3 Ba3 15.Nxb2 Bxb2
16.Qc2 Ne3 17.Qd3 Nxf1 18.Qxd4 Bxd4 19.Rb1 Nxd2 20.Kxd2 Kd8 21.Kd3 Bc5 22.Ke4 Kc7
23.Rb3 Ba6 24.Rc1 f5+ 25.Kf3 Rd8 26.Ke2 d6 27.exd6+ Rxd6 28.Rd3 Bd4 29.Rh3 h6
30.Rd3 c5 31.Rc2 g5 32.g3 gxf4 33.gxf4 e5 34.fxe5 Bxe5 35.Rxd6 Kxd6 36.Rd2+ Bd4
37.Kd3 Bb7 38.a4 Be4+ 39.Ke2 f4 40.Ra2 f3+  0-1

[Event "TIPC Open"]
[Site "Charleroi BEL"]
[Date "2008.07.27"]
[Round "2"]
[White "Roels,F"]
[Black "Bikady,C"]
[Result "1/2-1/2"]
[WhiteElo "1901"]
[BlackElo "2089"]

1.e4 c5 2.Nf3 Nc6 3.Nc3 e6 4.d4 cxd4 5.Nxd4 Nf6 6.Be2 Bb4 7.Bg5 Qa5 8.Bxf6 gxf6
9.O-O Bxc3 10.bxc3 Qxc3 11.Nb5 Qa5 12.Qd6 Kd8 13.Qf4 Ke7 14.Qd6+ Kd8 15.Qf4  1/2-1/2

[Event "III Open"]
[Site "Oviedo ESP"]
[Date "2008.07.27"]
[Round "5"]
[White "Sanchez Vergara,A"]
[Black "Gonzalez Lopez,Ang"]
[Result "1-0"]
[WhiteElo "2063"]
[BlackElo "1828"]

1.e4 c5 2.Nf3 Nc6 3.d4 cxd4 4.Nxd4 e6 5.Nc3 a6 6.Be2 Bc5 7.Be3 Nxd4 8.Bxd4 Bxd4
9.Qxd4 Qf6 10.e5 Qg6 11.Ne4 Ne7 12.Nd6+ Kf8 13.O-O Nf5 14.Qc5 Nxd6 15.Qxd6+ Ke8
16.Rfd1 f5 17.Bf3 Qf7 18.Qc7 d5 19.exd6 Qxc7 20.dxc7 Ke7 21.Rd2 e5 22.Bd5 Ra7
23.Rad1 b6 24.Bb7 Rxb7 25.Rd8 Re8 26.Rxe8+ Kxe8 27.Rd8+ Ke7 28.Rxc8 Kd7 29.Rg8 Rxc7
30.Rxg7+ Kd6 31.Rxc7 Kxc7 32.f3 Kd6 33.Kf2 Kd5 34.Ke3 f4+ 35.Kd3 h5 36.c4+ Ke6
37.b4 h4 38.Ke4 a5 39.bxa5 bxa5 40.c5  1-0

[Event "1st Open"]
[Site "Paleochora GRE"]
[Date "2008.07.27"]
[Round "8"]
[White "Melia,S"]
[Black "Tassopoulos,M"]
[Result "1/2-1/2"]
[WhiteElo "2416"]
[BlackElo "2271"]

1.e4 c5 2.Nf3 e6 3.d4 cxd4 4.Nxd4 Nc6 5.Nc3 Qc7 6.Be3 a6 7.Qd2 Nf6 8.O-O-O Bb4
9.f3 Ne5 10.Nb3 b5 11.Bd4 Be7 12.Qg5 Ng6 13.Qg3 e5 14.Be3 d6 15.Qf2 Rb8 16.Kb1 Bd7
17.g3 b4 18.Nd5 Nxd5 19.Rxd5 Be6 20.Rd2 a5 21.f4 a4 22.Nc1 exf4 23.gxf4 f5
24.exf5 Bxf5 25.Bd3 O-O 26.Qg2 Bxd3 27.Qd5+ Kh8 28.Nxd3 Qb7 29.Qxb7 Rxb7
30.Re2 Rf5 31.Bd2 Rd5 32.b3 axb3 33.axb3 Kg8 34.Re4 Rdb5 35.Rxb4 Rxb4 36.Bxb4 Nxf4
37.Nxf4 Rxb4 38.Nd5 Re4 39.Nxe7+ Rxe7 40.Rd1 Re2 41.Rxd6 Rxh2 42.b4 Kf7 43.Kb2 g5
44.b5 Ke7 45.Rd5 h6 46.b6  1/2-1/2

[Event "83rd ch-ARG s/f"]
[Site "Buenos Aires ARG"]
[Date "2008.07.28"]
[Round "9"]
[White "Amed,S"]
[Black "Pereyra,H"]
[Result "1-0"]
[WhiteElo "2099"]
[BlackElo "2001"]

1.e4 e6 2.d4 c5 3.Nf3 cxd4 4.Nxd4 Nc6 5.Nc3 d6 6.Be2 Nf6 7.O-O a6 8.a4 e5
9.Nb3 h6 10.Be3 Be6 11.Nd5 Bxd5 12.exd5 Ne7 13.c4 Nf5 14.Bd2 Be7 15.Kh1 O-O
16.f4 Nd4 17.fxe5 dxe5 18.Ba5 b6 19.Nxd4 bxa5 20.Nc6 Qc7 21.Qd2 Bb4 22.Qe3 Rae8
23.Rad1 Nd7 24.Bg4 Bc5 25.Qd2 Bb6 26.Bxd7 Qxd7 27.b4 axb4 28.Qxb4 Bc7 29.Qb7 Rb8
30.Nxb8 Rxb8 31.Qxa6 Rb2 32.d6 Qg4 33.Qa8+ Kh7 34.Qf3 Qxf3 35.gxf3  1-0

[Event "95th ch-GBR"]
[Site "Liverpool ENG"]
[Date "2008.07.28"]
[Round "1"]
[White "Williamson,R"]
[Black "Auckland,E"]
[Result "0-1"]
[WhiteElo "2169"]
[BlackElo "1990"]

1.e4 c5 2.Nf3 e6 3.Nc3 Nc6 4.d4 cxd4 5.Nxd4 a6 6.g3 Qc7 7.Bg2 d6 8.O-O Bd7
9.Nde2 Be7 10.h3 g5 11.b3 Bf6 12.Ba3 Qa5 13.Bb2 Ke7 14.Qd2 Rd8 15.a4 Bc8
16.Ba3 Ke8 17.Rad1 Be7 18.b4 Qc7 19.f4 h6 20.Kh1 Nf6 21.Qe3 Rg8 22.Nd5 exd5
23.exd5 gxf4 24.gxf4 Nb8 25.Bb2 Nbd7 26.Nd4 Nb6 27.Rfe1 Nbxd5 28.Bxd5 Nxd5
29.Qf3 b6 30.b5 Bb7 31.Nc6 Bxc6 32.bxc6 Nb4 33.Re4 Qxc6 34.Rde1 Rd7 35.Kh2 Kd8
36.c3 f5  0-1

[Event "1st Open"]
[Site "Paleochora GRE"]
[Date "2008.07.28"]
[Round "9"]
[White "Matsenko,S"]
[Black "Zakurdjaeva,I"]
[Result "1-0"]
[WhiteElo "2440"]
[BlackElo "2308"]

1.e4 c5 2.Nf3 e6 3.d4 cxd4 4.Nxd4 Nc6 5.Nc3 Qc7 6.Be2 Nf6 7.O-O Be7 8.Be3 O-O
9.Kh1 a6 10.f4 d6 11.Qe1 Bd7 12.Qg3 b5 13.a3 Nxd4 14.Bxd4 Bc6 15.Bd3 Qb7
16.Rae1 Rfd8 17.Qh3 g6 18.f5 e5 19.fxg6 hxg6 20.Be3 Qd7 21.Qf3 Qe6 22.Re2 Kg7
23.Ref2 Rf8 24.h3 d5 25.exd5 Nxd5 26.Nxd5 Bxd5 27.Qg3 Rae8 28.Rf5 Bd6 29.Qg5 Rh8
30.Kg1 Rh5 31.Rxf7+ Qxf7 32.Rxf7+ Bxf7 33.Qg4 Be7 34.Qd7 Bf6 35.g4 Re7 36.Qc8 Rh8
37.Qc5 Re6 38.Kg2 e4 39.Be2 Rd8 40.c3 Ree8 41.Qa7 Rd6 42.g5 Be5 43.a4 Red8
44.axb5 R8d7 45.Qc5 Rd5 46.Qb4 Bd6 47.Qa5 axb5 48.Bxb5 Rb7 49.c4 Rd3 50.Qa6 Rb8
51.c5 Rxe3 52.Qxd6 Rf8 53.Qd4+  1-0

[Event "41st Festival MTO"]
[Site "Biel SUI"]
[Date "2008.07.29"]
[Round "8"]
[White "Maze,S"]
[Black "Grachev,B"]
[Result "1-0"]
[WhiteElo "2553"]
[BlackElo "2640"]

1.e4 c5 2.Nf3 e6 3.d4 cxd4 4.Nxd4 Nc6 5.Nc3 Qc7 6.Be2 Nf6 7.O-O Be7 8.Be3 O-O
9.f4 d6 10.Qe1 Nxd4 11.Bxd4 e5 12.Be3 exf4 13.Bxf4 Be6 14.Qg3 Nd7 15.Bh6 Qc5+
16.Kh1 Qe5 17.Qf2 Qc5 18.Rad1 Ne5 19.Be3 Qc7 20.Bb5 Qd8 21.Bd4 Bh4 22.Qe3 Bg5
23.Qg1 Qa5 24.Qf2 a6 25.Be2 Qc7 26.Qg3 Qe7 27.Bxe5 dxe5 28.Nd5 Bxd5 29.Rxd5 Bf4
30.Qb3 Rac8 31.g3 Bh6 32.Rfd1 Rc7 33.c3 Be3 34.R1d3 Ba7 35.Qd1 g6 36.Kg2 Kg7
37.Bf3 Qe6 38.Qe2 Re8 39.Bg4 Qb6 40.Rd1 h5 41.Bd7 Re7 42.Rd6 Qe3 43.Qxe3 Bxe3
44.Kf3 Bc1 45.Rxc1 Rexd7 46.Rcd1 Rxd6 47.Rxd6 Kf8 48.Ke3 Ke7 49.Rb6 Rd7 50.a4 Kd8
51.a5 Rc7 52.h3 Kc8 53.Rf6 Rd7 54.b4 Rc7 55.Kd3 Rd7+ 56.Kc2 Kd8 57.g4 hxg4
58.hxg4 Ke7 59.Rb6 Kd8 60.g5 Kc7 61.Rf6 Kc8 62.Rf3 Rc7 63.Kb3 Kd8 64.Rd3+ Ke7
65.Rf3 Rd7 66.Rf6 Kd8 67.Kc4 Kc8 68.Kc5 Rd3 69.Rxf7 Rxc3+ 70.Kd6 b6 71.axb6 Rb3
72.b7+ Kb8 73.Kc6 Ka7 74.Rf8 Rc3+ 75.Kd5 Kxb7 76.Kxe5 Rg3 77.Rf7+ Kc6 78.Rf6+ Kb5
79.Rxg6 Kxb4 80.Rxa6 Rxg5+ 81.Kd4 Kb5 82.Rd6 Rg1 83.Kd5 Rd1+ 84.Ke6  1-0

[Event "Dutch Open"]
[Site "Dieren NED"]
[Date "2008.07.29"]
[Round "7"]
[White "Vos,JP"]
[Black "Munnik,T"]
[Result "1/2-1/2"]
[WhiteElo "2115"]
[BlackElo "1965"]

1.Nc3 c5 2.Nf3 Nc6 3.d4 cxd4 4.Nxd4 e6 5.e4 a6 6.g3 Qc7 7.Bg2 Nf6 8.O-O Be7
9.Be3 O-O 10.f4 d6 11.Nxc6 bxc6 12.Na4 Rb8 13.c4 Rd8 14.Qe2 Rb4 15.b3 c5
16.Rad1 Bd7 17.Nc3 Bc6 18.Bc1 Nd7 19.Nd5 exd5 20.exd5 Bxd5 21.Bxd5 Nf6 22.Rfe1 Bf8
23.Bb2 Re8 24.Qf3 Rxe1+ 25.Rxe1 Nxd5 26.Qxd5 Rb8 27.f5 Qa5 28.Ra1 Re8 29.Kf2 Qd8
30.Bc3 Qg5 31.Qf3 h5 32.h4 Qh6 33.Qf4 Qxf4+ 34.gxf4 Be7 35.Kg3 Bd8 36.Re1 Rxe1
37.Bxe1 Bf6 38.Kf3 Kf8 39.Ke4 Ke7 40.Kd5 Kd7 41.a3  1/2-1/2

[Event "Dutch Open"]
[Site "Dieren NED"]
[Date "2008.07.29"]
[Round "7"]
[White "Meurs,T"]
[Black "Struik,T"]
[Result "0-1"]
[WhiteElo "2084"]
[BlackElo "2203"]

1.e4 c5 2.Nf3 e6 3.d4 cxd4 4.Nxd4 Nc6 5.Nc3 d6 6.Be3 Nf6 7.g4 h6 8.h3 a6
9.Bg2 Qc7 10.h4 Nxd4 11.Bxd4 e5 12.Be3 Bxg4 13.Qd2 Rc8 14.f3 Be6 15.O-O-O Be7
16.Bh3 b5 17.Kb1 b4 18.Na4 Bxh3 19.Nb6 Rb8 20.Rxh3 Rxb6 21.Bxb6 Qxb6 22.h5 O-O
23.c3 bxc3 24.Qxc3 Nd7 25.Rh2 Nc5 26.b4 Rb8  0-1

[Event "Dutch Open"]
[Site "Dieren NED"]
[Date "2008.07.29"]
[Round "7"]
[White "Nijboer,F"]
[Black "Hendriks,W"]
[Result "1/2-1/2"]
[WhiteElo "2564"]
[BlackElo "2425"]

1.e4 c5 2.Nf3 e6 3.Nc3 Nc6 4.d4 cxd4 5.Nxd4 Qc7 6.Be3 a6 7.Qd2 Nf6 8.O-O-O Bb4
9.f3 Ne5 10.Nb3 b5 11.Qd4 Nc6 12.Qb6 Qxb6 13.Bxb6 O-O 14.Be2 Bxc3 15.bxc3 d5
16.Nc5 Ne5 17.Bc7 Ned7 18.Nxd7 Bxd7 19.e5 Rfc8 20.Ba5 Ne8 21.f4 Nc7 22.Rd3 Rab8
23.Rh3 Na8 24.Bd3 g6 25.Rf1 Nb6 26.Rff3 d4 27.cxd4 Bc6 28.Rf2 Bd5 29.a3 Nc4
30.Bb4 a5 31.Bc5 b4 32.axb4 axb4 33.Bxc4 Bxc4 34.Rff3 h5 35.Rfg3 Kh7 36.Kb2 Rb5
37.Rb3 Bxb3 38.Kxb3 Kg7 39.Rd3 Rc7 40.Rd2 Rcb7 41.Rd1 h4 42.Rd3 Ra5 43.Bxb4 Ra1
44.Kb2  1/2-1/2

[Event "ITT Raul Moiraghi"]
[Site "Villa Martelli ARG"]
[Date "2008.07.29"]
[Round "1"]
[White "Iermito,S"]
[Black "Obregon,A"]
[Result "1-0"]
[WhiteElo "2385"]
[BlackElo "2399"]

1.e4 c5 2.Nf3 e6 3.d4 cxd4 4.Nxd4 Nc6 5.Nc3 Qc7 6.Be2 a6 7.O-O Nf6 8.Be3 b5
9.Nxc6 dxc6 10.f4 Bb7 11.e5 Rd8 12.Qe1 Nd7 13.Qg3 g6 14.Ne4 c5 15.Nf6+ Nxf6
16.exf6 h5 17.a4 h4 18.Qh3 c4 19.axb5 axb5 20.Bf3 Bxf3 21.Qxf3 Bc5 22.h3 Rh5
23.Kh1 Bxe3 24.Qxe3 Qc5 25.Qf3 Qd5 26.Qa3 Qc5 27.Qf3 Kf8 28.Rfd1 Rhd5 29.Qg4 Rxd1+
30.Rxd1 Rxd1+ 31.Qxd1 Qd5 32.Qe1 g5 33.Qb4+ Kg8 34.Qe7 Qd1+ 35.Kh2 Qh5 36.Qe8+ Kh7
37.Qxb5 Kg6 38.Qxg5+  1-0

[Event "41st Festival MTO"]
[Site "Biel SUI"]
[Date "2008.07.30"]
[Round "9"]
[White "Kritz,L"]
[Black "Ivanisevic,I"]
[Result "1-0"]
[WhiteElo "2610"]
[BlackElo "2664"]

1.e4 c5 2.Nf3 e6 3.Nc3 Nc6 4.d4 cxd4 5.Nxd4 Qc7 6.Be3 a6 7.Qd2 Nf6 8.O-O-O Bb4
9.f3 Ne5 10.Nb3 b5 11.Kb1 Rb8 12.Bd4 Be7 13.Qg5 Ng6 14.e5 Ne4 15.Qe3 Nxc3+
16.Bxc3 b4 17.Bd4 a5 18.g3 Bb7 19.Bd3 Rc8 20.Rhe1 a4 21.Nd2 Bd5 22.h4 Bc5
23.Bxc5 Qxc5 24.Qxc5 Rxc5 25.f4 O-O 26.Ne4 Ra5 27.Nd6 Rb8 28.Be4 Ne7 29.Bxd5 Rxd5
30.Rxd5 Nxd5 31.Nc4 f6 32.Ne3 Rb5 33.Nxd5 Rxd5 34.Kc1 fxe5 35.Rxe5 Rxe5 36.fxe5 Kf7
37.h5 g6 38.h6 g5 39.g4 Ke7 40.Kd2 d6 41.c3 bxc3+ 42.Kxc3 dxe5 43.Kd3 e4+
44.Kxe4 Kd6 45.Kd4 e5+ 46.Ke4 Ke6 47.b4 a3 48.b5 Kd6 49.b6 Kc6 50.Kxe5 Kxb6
51.Kf6  1-0

[Event "41st Festival MTO"]
[Site "Biel SUI"]
[Date "2008.07.30"]
[Round "9"]
[White "Tairova,E"]
[Black "Smirin,I"]
[Result "0-1"]
[WhiteElo "2417"]
[BlackElo "2637"]

1.e4 c5 2.Nf3 e6 3.d4 cxd4 4.Nxd4 Nc6 5.Nc3 d6 6.g3 Nf6 7.Bg2 Bd7 8.O-O Be7
9.a4 O-O 10.Nde2 a6 11.h3 Rb8 12.g4 b5 13.axb5 axb5 14.Ng3 h6 15.Be3 Qc7
16.f4 Na5 17.g5 hxg5 18.fxg5 Nh7 19.h4 Nc4 20.Bd4 Bc6 21.b3 Ne5 22.Kh1 Ra8
23.Rxa8 Rxa8 24.Qe2 b4 25.Nd1 Bb7 26.Qd2 Ba6 27.Rg1 Nf8 28.Ne3 Nfg6 29.Ngf5 exf5
30.Nd5 Qd8 31.exf5 Nxh4 32.Bb6 Qd7 33.Nf6+ Bxf6 34.gxf6 Bb7 35.Qg5 Nxf5 36.Kh2 Bxg2
37.Qxg2 Rc8  0-1

[Event "41st Festival MTO"]
[Site "Biel SUI"]
[Date "2008.07.31"]
[Round "10"]
[White "Smirin,I"]
[Black "Grachev,B"]
[Result "0-1"]
[WhiteElo "2637"]
[BlackElo "2640"]

1.e4 c5 2.Nf3 e6 3.d4 cxd4 4.Nxd4 Nc6 5.Nc3 Qc7 6.f4 a6 7.Be3 b5 8.Bd3 Bb7
9.Nb3 d6 10.O-O Nf6 11.Qf3 Be7 12.Qh3 h5 13.Kh1 Nb4 14.Nd4 Nxd3 15.cxd3 Qd7
16.Bf2 h4 17.Nf3 b4 18.Ne2 Qb5 19.Ned4 Qh5 20.Rac1 Qg4 21.Rc7 Rb8 22.Qxg4 Nxg4
23.Bg1 Bd8 24.Rc4 h3 25.Nc6 Rc8 26.Nxd8 Rxc4 27.Nxb7 Rc2 28.gxh3 Rxh3 29.Nd4 Rxb2
30.Nxd6+ Kd7 31.Nc4 Rxa2 32.Rc1 f6 33.Nb6+ Ke8 34.f5 exf5 35.Nd5 Nxh2 36.Rc8+ Kf7
37.Rc7+ Kg8 38.Nf4 Nf1+  0-1

[Event "41st Festival MTO"]
[Site "Biel SUI"]
[Date "2008.07.31"]
[Round "10"]
[White "Cherniaev,A1"]
[Black "Benkovic,P"]
[Result "0-1"]
[WhiteElo "2431"]
[BlackElo "2479"]

1.e4 c5 2.Nc3 e6 3.Nge2 Nc6 4.d4 cxd4 5.Nxd4 d6 6.Be3 Nf6 7.Bc4 a6 8.Qe2 Be7
9.O-O-O Qc7 10.Rhg1 Na5 11.Bb3 b5 12.f3 Nxb3+ 13.axb3 Nd7 14.g4 b4 15.Na4 Nc5
16.Kb1 Bd7 17.g5 g6 18.Qf2 Bxa4 19.bxa4 Nxa4 20.h4 Nc5 21.h5 Qb7 22.Rh1 e5
23.Nb3 Ne6 24.f4 exf4 25.Bxf4 Qxe4 26.Rh4 Qf5 27.Qg2 O-O 28.Bc1 Rac8 29.Rdh1 Bxg5
30.Bxg5 Qxg5 31.Rg4 Qf5 32.Rxb4 Rb8 33.Nd4 Qg5 34.Qxg5 Nxg5 35.Ra4 Rb6 36.Rg1 f6
37.Rc4 Rfb8 38.Nb3 Nf3 39.Rg2 Ne5 40.Rc7 R6b7  0-1

[Event "8th United Insurance"]
[Site "Dhaka BAN"]
[Date "2008.07.31"]
[Round "3"]
[White "Shrestha,K"]
[Black "Rahman,Zia"]
[Result "0-1"]
[WhiteElo "2128"]
[BlackElo "2564"]

1.e4 c5 2.Nf3 e6 3.d4 cxd4 4.Nxd4 Nc6 5.Nc3 Qc7 6.g3 a6 7.Bg2 d6 8.O-O Be7
9.Re1 Bf6 10.Be3 Nge7 11.Nde2 Ne5 12.h3 O-O 13.Kh2 b5 14.Rb1 Bb7 15.a3 Rfd8
16.Qc1 Nc4 17.Bg5 Bxg5 18.Qxg5 h6 19.Qc1 Rac8 20.b3 Nb6 21.Qe3 d5 22.Red1 e5
23.exd5 Nbxd5 24.Nxd5 Nxd5 25.Qf3 Ba8 26.Qg4 Nf6 27.Qf5 Bxg2 28.Kxg2 Qc6+
29.Kh2 Ne4 30.Qf3 Qg6 31.Rxd8+ Rxd8 32.Qe3 Qf5 33.Kg2 Ng5 34.h4 Qxc2 35.Rc1 Qe4+
36.Qxe4 Nxe4 37.Rc6 Rd6 38.Rxd6 Nxd6 39.Kf3 Kf8 40.Ke3 Ke7 41.Nc3 Ke6 42.g4 g6
43.f3 h5 44.Kd3 hxg4 45.fxg4 f5 46.gxf5+ Kxf5 47.Nd5 Kg4 48.Ne7 e4+ 49.Ke2 Kh5
50.Kf2 Nf5 51.Nd5 Kxh4 52.Nc7 g5 53.Nxa6 Kh3 54.Nc5 e3+ 55.Ke2 g4 56.Nd3 g3
57.a4 bxa4 58.bxa4 Kh2 59.Nf4 Ne7 60.Kf3 Nd5 61.Ng2 e2 62.Ne1 Nf4 63.a5 Nd3
64.Kxe2 Nxe1 65.a6 g2 66.a7 g1=Q 67.a8=Q Qg3 68.Qh8+ Kg2 69.Qa8+ Nf3 70.Kd3 Qe5
71.Kc2 Qc5+ 72.Kb2 Kf2 73.Qb7 Ne5 74.Qg7 Nc4+ 75.Kb3 Qb5+ 76.Ka2 Qa4+ 77.Kb1 Nd2+
78.Kb2 Nc4+ 79.Kb1 Qd1+ 80.Ka2 Qd5 81.Ka1 Ke2 82.Qg4+ Kd3 83.Qd1+ Nd2 84.Qc2+ Ke2
85.Kb2 Qb5+ 86.Kc1 Qa5 87.Kb2 Qb4+  0-1

[Event "III Open"]
[Site "Oviedo ESP"]
[Date "2008.07.31"]
[Round "9"]
[White "Rodriguez Sierra,A"]
[Black "Arroyo Figuero,F"]
[Result "1/2-1/2"]
[WhiteElo "1616"]
[BlackElo "1879"]

1.e4 c5 2.Nf3 e6 3.d4 cxd4 4.Nxd4 Nc6 5.Nc3 Qc7 6.a3 a6 7.Be3 Nf6 8.Be2 Bd6
9.g3 O-O 10.f4 Nxd4 11.Qxd4 e5 12.Qd2 b5 13.O-O-O Be7 14.Nd5 Nxd5 15.Qxd5 Bb7
16.Qxd7 Bd8 17.Qxc7 Bxc7 18.Rd7 Bxe4 19.Rhd1 Rac8 20.c3 exf4 21.Bxf4 Bxf4+
22.gxf4 Rc6 23.R1d6 g6 24.Rxc6 Bxc6 25.Rd6 Rc8 26.Kd2 Rc7 27.Ke3 Kf8 28.Bf3 Re7+
29.Kf2 Bxf3 30.Kxf3 Re6 31.Rxe6 fxe6 32.Ke4 Ke7 33.Ke5 Kf7 34.h4 a5 35.b3 Ke7
36.a4 bxa4 37.bxa4 Kd7 38.Kf6 Kd6 39.Kg7 e5 40.fxe5+ Kxe5 41.Kxh7 Kf6 42.c4 g5
43.hxg5+ Kxg5 44.c5 Kf6 45.c6 Ke7 46.c7 Kd7 47.c8=Q+ Kxc8 48.Kg6 Kc7 49.Kf5 Kb6
50.Ke4 Kc5 51.Kd3 Kb4 52.Kc2 Ka3 53.Kb1 Kxa4 54.Kb2 Kb4 55.Ka2 a4 56.Kb2  1/2-1/2

[Event "13th Pannonia Cup"]
[Site "Balatonalmadi HUN"]
[Date "2008.08.01"]
[Round "4"]
[White "Sardy,P"]
[Black "Dudas,E"]
[Result "1-0"]
[WhiteElo "2295"]
[BlackElo "2108"]

1.e4 c5 2.Nf3 e6 3.d4 cxd4 4.Nxd4 Nc6 5.Nc3 a6 6.g3 Qc7 7.Bg2 Nf6 8.O-O Be7
9.Re1 d6 10.a4 Bd7 11.Nb3 Ne5 12.h3 Bc6 13.Nd4 Rb8 14.f4 Ned7 15.g4 h6 16.Kh1 Nf8
17.f5 e5 18.Nde2 N8d7 19.Nd5 Bxd5 20.exd5 b5 21.axb5 axb5 22.Ng3 Nc5 23.Be3 b4
24.Qd2 Nfd7 25.Rf1 f6 26.b3 Kf7 27.h4 Bd8 28.Bf3 Qb7 29.Rf2 Qc7 30.Rh2 Be7
31.g5 hxg5 32.Bh5+ Kf8 33.hxg5 fxg5 34.Bg6 Rxh2+ 35.Qxh2 Bf6 36.Bxg5 Qb7
37.Qh8+ Ke7 38.Qxg7+ Kd8 39.Bxf6+ Kc7 40.Rd1 Qa6 41.Bh4 Qa8 42.f6 Rg8 43.Bh7 Rh8
44.f7 Ne6 45.Qg8  1-0

[Event "17th Open"]
[Site "Kavala GRE"]
[Date "2008.08.01"]
[Round "3"]
[White "Satyapragyan,S"]
[Black "Bosiocic,Mari"]
[Result "0-1"]
[WhiteElo "2414"]
[BlackElo "2540"]

1.e4 c5 2.Nf3 e6 3.d4 cxd4 4.Nxd4 Nc6 5.Nc3 Qc7 6.Be2 a6 7.O-O Nf6 8.Kh1 Bb4
9.Bg5 h6 10.Bxf6 gxf6 11.f4 Bc5 12.Nb3 Be7 13.Bh5 b5 14.Qg4 Bb7 15.Rae1 O-O-O
16.Bxf7 h5 17.Qe2 Rh7 18.Bxh5 Rdh8 19.g4 f5 20.h3 Bd6 21.Rd1 Bxf4 22.Nc5 fxg4
23.hxg4 Nd4 24.Rxd4 Qxc5 25.Rxf4 Qxd4 26.a3 d5 27.Qf3 dxe4 28.Rf8+ Rxf8 29.Qxf8+ Kc7
30.Qg8 e3+ 31.Kh2 Rxh5+  0-1

[Event "Mercosur Cup"]
[Site "Villa Martelli ARG"]
[Date "2008.08.01"]
[Round "4"]
[White "Flores Rios,M"]
[Black "Bachmann,Ax"]
[Result "1-0"]
[WhiteElo "2438"]
[BlackElo "2511"]

1.e4 c5 2.Nf3 e6 3.d4 cxd4 4.Nxd4 Nc6 5.Nc3 Qc7 6.Be3 a6 7.Qd2 Nf6 8.O-O-O Be7
9.f3 O-O 10.g4 Rd8 11.g5 Ne8 12.Bf4 d6 13.Be3 b5 14.h4 Bb7 15.Nxc6 Bxc6 16.Bd3 b4
17.Ne2 e5 18.Ng3 d5 19.Qh2 d4 20.Bd2 Bb5 21.Kb1 b3 22.axb3 Bxd3 23.cxd3 Rab8
24.Nf5 Rxb3 25.Ba5  1-0

[Event "17th Open"]
[Site "Martigny SUI"]
[Date "2008.08.02"]
[Round "2"]
[White "Mauron,P"]
[Black "Sokolov,And1"]
[Result "0-1"]
[WhiteElo "2136"]
[BlackElo "2561"]

1.e4 c5 2.Nf3 e6 3.d4 cxd4 4.Nxd4 Nc6 5.Nc3 Qc7 6.Be2 a6 7.O-O Nf6 8.Be3 b5
9.a3 Bb7 10.Nb3 d6 11.f4 Be7 12.Bf3 O-O 13.g4 Nd7 14.Bg2 Nb6 15.Nd2 Bf6 16.g5 Bxc3
17.bxc3 Na5 18.Qh5 Nac4 19.Nxc4 Nxc4 20.Bf2 f5 21.Rfe1 e5 22.fxe5 dxe5 23.Qe2 Rad8
24.exf5 Bxg2 25.Kxg2 Qc6+ 26.Kg1 Nd2  0-1

[Event "Mercosur Cup"]
[Site "Villa Martelli ARG"]
[Date "2008.08.02"]
[Round "5"]
[White "Real de Azua,E"]
[Black "Flores Rios,M"]
[Result "1/2-1/2"]
[WhiteElo "2429"]
[BlackElo "2438"]

1.e4 c5 2.Nf3 e6 3.d4 cxd4 4.Nxd4 Nc6 5.Nc3 Qc7 6.Be3 a6 7.Qd2 Nf6 8.O-O-O Bb4
9.f3 Ne5 10.Nb3 b5 11.Kb1 Nc4 12.Bxc4 bxc4 13.Nc1 Rb8 14.N1e2 O-O 15.Bf4 e5
16.Bg5 Ne8 17.Ka1 d6 18.Qe1 Be6 19.Qg3 Qc6 20.Bc1 f6 21.f4 Rb7 22.Nd5 Bxd5
23.exd5 Qa4 24.b3 cxb3 25.cxb3 Qd7 26.Rhf1 a5 27.Nc3 Bc5 28.Bb2 Bd4 29.Na4 Bxb2+
30.Nxb2 Nc7 31.Qd3 Rfb8 32.Rc1 Rb5 33.fxe5 dxe5 34.Rfd1 Na6 35.d6 Nc5 36.Qc4+ Ne6
37.Rd5 R5b6 38.Na4 Rb4 39.Qc6 Qxc6 40.Rxc6 Rd8 41.d7 Kf7 42.Rc8 Ke7 43.Rxd8 Nxd8
44.Rxa5 Rd4 45.Nc3 Rd2 46.Rd5 Rxg2 47.a4 Rc2 48.Rd3 e4 49.Nxe4 Rc7 50.Ka2 Rxd7  1/2-1/2

[Event "XXIII Rapid Open"]
[Site "Villarrobledo ESP"]
[Date "2008.08.02"]
[Round "2"]
[White "Ponomariov,R"]
[Black "Velcheva,M"]
[Result "1-0"]
[WhiteElo "2718"]
[BlackElo "2281"]

1.e4 c5 2.Nf3 e6 3.d4 cxd4 4.Nxd4 Nc6 5.Nc3 Qc7 6.Be2 a6 7.O-O Nf6 8.Be3 Be7
9.f4 d6 10.Qe1 O-O 11.Qg3 Bd7 12.Kh1 b5 13.a3 Nxd4 14.Bxd4 Bc6 15.Rae1 Qb7
16.Bf3 Rad8 17.Re2 g6 18.b4 a5 19.f5 e5 20.Be3 axb4 21.axb4 Bxe4 22.Nxe4 Nxe4
23.Bxe4 Qxe4 24.f6 Bxf6 25.Rxf6 Qxb4 26.h3 Ra8 27.Rf1 f5 28.Bh6 Rf7 29.Qd3 Qc4
30.Rd1 Rc8 31.Qxc4 Rxc4 32.Rxd6 Rfc7 33.Rxe5  1-0

[Event "12th HZ Open"]
[Site "Vlissingen NED"]
[Date "2008.08.02"]
[Round "1"]
[White "Bruzon Batista,L"]
[Black "Admiraal,M"]
[Result "1-0"]
[WhiteElo "2592"]
[BlackElo "1944"]

1.e4 c5 2.Nf3 e6 3.d4 cxd4 4.Nxd4 Nc6 5.Nc3 Qc7 6.Be2 a6 7.O-O Nf6 8.Kh1 Be7
9.f4 d6 10.Nxc6 bxc6 11.Qd3 O-O 12.b3 d5 13.Bb2 Rd8 14.e5 Nd7 15.Qg3 Kh8
16.Na4 f5 17.exf6 Bxf6 18.Rae1 Bxb2 19.Nxb2 Nf6 20.Nd3 Rf8 21.Ne5 Kg8 22.Bd3 Ra7
23.Qh4  1-0

[Event "12th HZ Open"]
[Site "Vlissingen NED"]
[Date "2008.08.02"]
[Round "1"]
[White "Fier,A"]
[Black "De Pooter,R"]
[Result "1-0"]
[WhiteElo "2558"]
[BlackElo "1918"]

1.e4 c5 2.Nf3 e6 3.d4 cxd4 4.Nxd4 Nc6 5.Nc3 a6 6.Nxc6 bxc6 7.Bd3 Qc7 8.O-O d5
9.Qe2 d4 10.Nb1 Nf6 11.f4 Be7 12.Nd2 O-O 13.Nc4 Nd7 14.e5 g6 15.Bd2 a5 16.a4 Nc5
17.Qe1 Nxd3 18.cxd3 Ba6 19.Bxa5 Qb7 20.Rf2 Bxc4 21.dxc4 Qa6 22.Bb4 c5 23.Bd2 Qxc4
24.Qd1 Rfb8 25.Be1 Rb3 26.a5 Qb5 27.Ra2 c4 28.Kh1 Rd3 29.Rd2 Rxd2 30.Bxd2 d3
31.h3 Bb4 32.Qe1 Bxd2 33.Qxd2 Ra6 34.Ra3 Qd5 35.Kh2 Qe4 36.b4 cxb3 37.Rxb3 g5
38.Rb4 Qe2 39.Rb8+ Kg7 40.Qb4 d2 41.Qe7  1-0

[Event "Najdorf Memorial Open"]
[Site "Warsaw POL"]
[Date "2008.08.02"]
[Round "1"]
[White "Wierzbicka,W"]
[Black "Warszawski,B"]
[Result "1-0"]
[WhiteElo "2033"]
[BlackElo "2277"]

1.e4 c5 2.Nf3 e6 3.d4 cxd4 4.Nxd4 Nc6 5.Nc3 Qc7 6.g3 a6 7.Bg2 Bb4 8.O-O Nge7
9.Nb3 O-O 10.f4 f5 11.Be3 b5 12.a3 Bxc3 13.bxc3 Na5 14.Nxa5 Qxa5 15.exf5 Nxf5
16.Bc5 Rb8 17.Bxf8 Kxf8 18.Qd3 Qb6+ 19.Rf2 Kg8 20.Be4 g6 21.g4 Ne3 22.h3 Bb7
23.Bxb7 Rxb7 24.Re1 Nd5 25.f5 Nf4 26.Qf3 g5 27.Re4 Qc7 28.h4 h6 29.Rh2 d5
30.Re1 Qc5+ 31.Kh1 e5 32.hxg5 hxg5 33.Rxe5 Re7 34.Rxe7 Qxe7 35.Qf2 Qxa3 36.Qe1 Kf7
37.Rh8 Kf6 38.Rh6+ Kf7 39.Rh7+ Kg8 40.Rb7 Qf8 41.Qe5  1-0

[Event "FSGM August"]
[Site "Budapest HUN"]
[Date "2008.08.03"]
[Round "2"]
[White "Dinger,F"]
[Black "Hirneise,T"]
[Result "1/2-1/2"]
[WhiteElo "2333"]
[BlackElo "2481"]

1.e4 c5 2.Nf3 e6 3.d4 cxd4 4.Nxd4 Nc6 5.Nc3 Nf6 6.Ndb5 d6 7.Bf4 e5 8.Bg5 a6
9.Na3 b5 10.Nd5 Qa5+ 11.Bd2 Qd8 12.Bg5 Be7  1/2-1/2